Score 0/24 Timer 07:00
7 Plays Today
% Correct
Clover
81.5%
Martin Luther King, Jr.
79.5%
Mardi Gras
78.1%
Julius Caesar
77.6%
Nelson Mandela
76.4%
Star Wars
75.5%
Bastille Day
75%
The Liberty Bell
74.9%
Auld Lang Syne
74%
Labor Day
70%
Winter Wonderland
69.9%
June Solstice
68.8%
% Correct
Earth Day
62.9%
France
61.1%
Lions & Cowboys
58.1%
All Saints' Day
57.3%
Yom Kippur
54.9%
Father's Day
54.5%
Groundhog Day
51%
Indonesia & Malaysia
48.2%
Iceland
45.1%
Kyrgyzstan
42.7%
South Korea
29.6%
John Carpenter
27.7%
Remove Ads.
Support Sporcle.
Get the best of Sporcle when you Go Orange. This ad-free experience offers more features, more stats, and more fun while also helping to support Sporcle. Thank you for becoming a member.

You're not logged in!

Compare scores with friends on all Sporcle quizzes.
OR
Log In

Show Comments

Extras

Top Quizzes Today


Score Distribution

Your Account Isn't Verified!

In order to create a playlist on Sporcle, you need to verify the email address you used during registration. Go to your Sporcle Settings to finish the process.

Report this User

Report this user for behavior that violates our Community Guidelines.

Details: